|
|
|
|
| LEADER |
00000nab#a22000007a#4500 |
| 001 |
arbauad016881 |
| 003 |
AR-BaUAD |
| 005 |
20250711111529.0 |
| 008 |
960220|||||||||###||||||b###|0###a|spa|| |
| 040 |
|
|
|a AR-BaUAD
|c AR-BaUAD
|b spa
|
| 100 |
|
|
|a Antonelli, Paola
|
| 245 |
|
|
|a Plastica domestica /
|c Paola Antonelli; Paolo Tumminelli;
|
| 300 |
0 |
|
|b fot., il.
|
| 653 |
|
|
|a DISEÑO INDUSTRIAL
|
| 653 |
|
|
|a PLASTICO
|
| 653 |
|
|
|a MAIER AICHEN, HANSJERG
|
| 653 |
|
|
|a GRCIC, KONSTANTIN
|
| 653 |
|
|
|a JONGERIUS, HELLA
|
| 653 |
|
|
|a MARI, ENZO
|
| 653 |
|
|
|a PESCE, GAETANO
|
| 653 |
|
|
|a VASOS
|
| 700 |
1 |
|
|a Tumminelli, Paolo
|
| 773 |
0 |
|
|t DOMUS
|g no. 776 [nov. 1995], p. 46-61
|
| 942 |
|
|
|c ARTI
|
| 952 |
|
|
|0 0
|1 0
|4 0
|7 0
|9 61801
|a AR-BAuAD
|b AR-BAuAD
|d 2025-07-11
|l 0
|p AAQA016881
|r 2025-07-11 11:15:29
|w 2025-07-11
|y ARTI
|
| 990 |
|
|
|a DI199
|b TD
|
| 998 |
|
|
|a AAQ
|b BIBUN76
|
| 999 |
|
|
|c 41474
|d 41474
|